[Event "Queens Festival Europe 2022"]
[Site "Tornelo"]
[Date "2022.06.19"]
[Round "10.8"]
[White "Smith, Olivia"]
[Black "Machlik, Edit"]
[Result "1/2-1/2"]
[WhiteElo "2039"]
[BlackElo "2084"]
[Annotator "NA RC"]
[PlyCount "125"]
[EventDate "2022.06.19"]
[EventType "swiss"]
[EventCountry "NET"]
[SourceTitle "playchess.com"]
[Source "ChessBase"]
[SourceQuality "1"]
[TimeControl "180+2"]

1. e4 {[%emt 0:00:02]} c6 {[%emt 0:00:05]} 2. d3 {[%emt 0:00:13]} d5 {[%emt 0:00:07]} 3. Nd2 {[%emt 0:00:05]} e5 {[%emt 0:00:01]} 4. Ngf3 {[%emt 0:00:01]} Bd6 {[%emt 0:00:03]} 5. g3 {[%emt 0:00:02]} Nf6 {[%emt 0:00:02]} 6. Bg2 {[%emt 0:00:01]} O-O {[%emt 0:00:01]} 7. O-O {[%emt 0:00:01]} dxe4 {[%emt 0:00:02]} 8. dxe4 {[%emt 0:00:02]} Qe7 {[%emt 0:00:08]} 9. Re1 {[%emt 0:00:17]} Rd8 {[%emt 0:00:17]} 10. Qe2 {[%emt 0:00:03]} Nbd7 {[%emt 0:00:04]} 11. Nc4 {[%emt 0:00:05]} Bc7 {[%emt 0:00:02]} 12. Bg5 {[%emt 0:00:05]} h6 {[%emt 0:00:04]} 13. Bxf6 {[%emt 0:00:14]} Nxf6 {[%emt 0:00:08]} 14. Rad1 {[%emt 0:00:03]} Bg4 {[%emt 0:00:05]} 15. h3 {[%emt 0:00:03]} Bxf3 {[%emt 0:00:45]} 16. Bxf3 {[%emt 0:00:19]} Qc5 {[%emt 0:00:05]} 17. Ne3 {[%emt 0:00:09]} Rxd1 {[%emt 0:00:26]} 18. Rxd1 {[%emt 0:00:02]} Rd8 {[%emt 0:00:01]} 19. Rxd8+ {[%emt 0:00:03]} Bxd8 {[%emt 0:00:02]} 20. Nf5 {[%emt 0:00:02]} Bb6 {[%emt 0:00:04]} 21. Ne3 {[%emt 0:00:13]} Qd4 {[%emt 0:00:05]} 22. c3 {[%emt 0:00:06]} Qd7 {[%emt 0:00:10]} 23. Nf5 {[%emt 0:00:06]} a5 {[%emt 0:00:12]} 24. Bg2 {[%emt 0:00:06]} Qe6 {[%emt 0:00:05]} 25. a3 {[%emt 0:00:05]} Qa2 {[%emt 0:00:06]} 26. Kh2 {[%emt 0:00:03]} Qb1 {[%emt 0:00:02]} 27. Ne7+ {[%emt 0:00:45]} Kf8 {[%emt 0:00:17]} 28. Nf5 {[%emt 0:00:05]} Qc1 {[%emt 0:00:04]} 29. Qd3 {[%emt 0:00:19]} Kg8 {[%emt 0:00:11]} 30. Qe2 {[%emt 0:00:04]} Bc5 {[%emt 0:00:04]} 31. b4 {[%emt 0:00:02]} axb4 {[%emt 0:00:04]} 32. cxb4 {[%emt 0:00:02]} Bd4 {[%emt 0:00:02]} 33. Qf3 {[%emt 0:00:01]} Qd2 {[%emt 0:00:03]} 34. Nxh6+ {[%emt 0:00:03]} gxh6 {[%emt 0:00:05]} 35. Qxf6 {[%emt 0:00:02]} Qxf2 {[%emt 0:00:02]} 36. Qxf2 {[%emt 0:00:01]} Bxf2 {[%emt 0:00:01]} 37. Bf3 {[%emt 0:00:02]} Be1 {[%emt 0:00:03]} 38. Kg2 {[%emt 0:00:01]} Bc3 {[%emt 0:00:02]} 39. Be2 {[%emt 0:00:06]} Kg7 {[%emt 0:00:02]} 40. Kf3 {[%emt 0:00:01]} Kf6 {[%emt 0:00:01]} 41. Ke3 {[%emt 0:00:03]} Kg5 {[%emt 0:00:02]} 42. Kd3 {[%emt 0:00:02]} Bd4 {[%emt 0:00:01]} 43. a4 {[%emt 0:00:06]} Bf2 {[%emt 0:00:02]} 44. g4 {[%emt 0:00:01]} Kh4 {[%emt 0:00:01]} 45. Bf1 {[%emt 0:00:01]} Kg3 {[%emt 0:00:02]} 46. Ke2 {[%emt 0:00:02]} Bd4 {[%emt 0:00:02]} 47. b5 {[%emt 0:00:02]} cxb5 {[%emt 0:00:02]} 48. axb5 {[%emt 0:00:02]} Kf4 {[%emt 0:00:03]} 49. Bg2 {[%emt 0:00:03]} b6 {[%emt 0:00:04]} 50. Kd3 {[%emt 0:00:06]} Kg3 {[%emt 0:00:02]} 51. Bf1 {[%emt 0:00:01]} Kf2 {[%emt 0:00:01]} 52. Be2 {[%emt 0:00:02]} Kg2 {[%emt 0:00:04]} 53. h4 {[%emt 0:00:01]} Kg3 {[%emt 0:00:07]} 54. h5 {[%emt 0:00:01]} Kh4 {[%emt 0:00:02]} 55. Bd1 {[%emt 0:00:02]} Kg5 {[%emt 0:00:01]} 56. Kc4 {[%emt 0:00:01]} Kf6 {[%emt 0:00:02]} 57. Kd5 {[%emt 0:00:03]} Kg5 {[%emt 0:00:01]} 58. Be2 {[%emt 0:00:02]} f6 {[%emt 0:00:01]} 59. Ke6 {[%emt 0:00:03]} Be3 {[%emt 0:00:02]} 60. Bd1 {[%emt 0:00:02]} Bd4 {[%emt 0:00:01]} 61. Be2 {[%emt 0:00:01]} Be3 {[%emt 0:00:02]} 62. Bd1 {[%emt 0:00:02]} Bd4 {[%emt 0:00:01]} 63. Be2 {[%emt 0:00:01]} 1/2-1/2

[Event "Queens Festival Europe 2022"]
[Site "Tornelo"]
[Date "2022.06.19"]
[Round "10.8"]
[White "Roy, Ali"]
[Black "Rahimli, Izzat"]
[Result "0-1"]
[WhiteElo "1893"]
[BlackElo "1817"]
[Annotator "NA RC"]
[PlyCount "72"]
[EventDate "2022.06.19"]
[EventType "swiss"]
[EventCountry "NET"]
[SourceTitle "playchess.com"]
[Source "ChessBase"]
[SourceQuality "1"]
[TimeControl "180+2"]

1. Nf3 {[%emt 0:00:02]} d5 {[%emt 0:00:07]} 2. g3 {[%emt 0:00:03]} Nf6 {[%emt 0:00:01]} 3. Bg2 {[%emt 0:00:01]} e6 {[%emt 0:00:01]} 4. O-O {[%emt 0:00:02]} Bd6 {[%emt 0:00:02]} 5. d3 {[%emt 0:00:02]} O-O {[%emt 0:00:02]} 6. Nbd2 {[%emt 0:00:02]} h6 {[%emt 0:00:01]} 7. e4 {[%emt 0:00:02]} Nbd7 {[%emt 0:00:05]} 8. Qe1 {[%emt 0:00:03]} dxe4 {[%emt 0:00:05]} 9. dxe4 {[%emt 0:00:02]} e5 {[%emt 0:00:02]} 10. Nc4 {[%emt 0:00:03]} Re8 {[%emt 0:00:13]} 11. Nxd6 {[%emt 0:00:03]} cxd6 {[%emt 0:00:03]} 12. b3 {[%emt 0:00:02]} Nc5 {[%emt 0:00:03]} 13. Nh4 {[%emt 0:00:10]} b6 {[%emt 0:00:09]} 14. b4 {[%emt 0:00:12]} Ne6 {[%emt 0:00:07]} 15. Bb2 {[%emt 0:00:05]} Ba6 {[%emt 0:00:03]} 16. f4 {[%emt 0:00:10]} Bxf1 {[%emt 0:00:03]} 17. Qxf1 {[%emt 0:00:05]} exf4 {[%emt 0:00:06]} 18. gxf4 {[%emt 0:00:04]} Nh5 {[%emt 0:00:02]} 19. Nf5 {[%emt 0:00:46]} Nexf4 {[%emt 0:00:04]} 20. Bf3 {[%emt 0:00:12]} Qg5+ {[%emt 0:00:06]} 21. Kh1 {[%emt 0:00:08]} g6 {[%emt 0:00:12]} 22. Bxh5 {[%emt 0:00:12]} gxf5 {[%emt 0:00:11]} 23. Qf2 {[%emt 0:00:20]} Nh3 {[%emt 0:00:11]} 24. Qf3 {[%emt 0:00:17]} Qh4 {[%emt 0:00:11]} 25. Qxf5 {[%emt 0:00:21]} Qxe4+ {[%emt 0:00:30]} 26. Qxe4 {[%emt 0:00:06]} Rxe4 {[%emt 0:00:04]} 27. Bf3 {[%emt 0:00:02]} Rxb4 {[%emt 0:00:02]} 28. Bc3 {[%emt 0:00:04]} Rc4 {[%emt 0:00:13]} 29. Bxa8 {[%emt 0:00:06]} Rxc3 {[%emt 0:00:02]} 30. Bg2 {[%emt 0:00:03]} Nf2+ {[%emt 0:00:05]} 31. Kg1 {[%emt 0:00:02]} Rxc2 {[%emt 0:00:02]} 32. Rf1 {[%emt 0:00:04]} Ng4 {[%emt 0:00:07]} 33. Bd5 {[%emt 0:00:03]} Ne5 {[%emt 0:00:04]} 34. h4 {[%emt 0:00:04]} Rc5 {[%emt 0:00:08]} 35. Bb3 {[%emt 0:00:05]} a5 {[%emt 0:00:03]} 36. Rd1 {[%emt 0:00:03]} Nc4 {[%emt 0:00:16]} 0-1

[Event "Queens Festival Europe 2022"]
[Site "Tornelo"]
[Date "2022.06.19"]
[Round "10.9"]
[White "Stewart-Bermann, Tanya"]
[Black "Gjergji, Rozana"]
[Result "0-1"]
[WhiteElo "1863"]
[BlackElo "1920"]
[Annotator "NA RC"]
[PlyCount "64"]
[EventDate "2022.06.19"]
[EventType "swiss"]
[EventCountry "NET"]
[SourceTitle "playchess.com"]
[Source "ChessBase"]
[SourceQuality "1"]
[TimeControl "180+2"]

1. d4 {[%emt 0:00:02]} d5 {[%emt 0:00:05]} 2. Bf4 {[%emt 0:00:02]} Nf6 {[%emt 0:00:02]} 3. e3 {[%emt 0:00:03]} c6 {[%emt 0:00:02]} 4. Nf3 {[%emt 0:00:02]} Bf5 {[%emt 0:00:01]} 5. Nbd2 {[%emt 0:00:04]} Nbd7 {[%emt 0:00:02]} 6. c3 {[%emt 0:00:03]} Ne4 {[%emt 0:00:02]} 7. Qb3 {[%emt 0:00:12]} b6 {[%emt 0:00:06]} 8. Be2 {[%emt 0:00:09]} f6 {[%emt 0:00:07]} 9. Bg3 {[%emt 0:00:04]} e6 {[%emt 0:00:09]} 10. O-O {[%emt 0:00:07]} Be7 {[%emt 0:00:05]} 11. Nxe4 {[%emt 0:00:02]} Bxe4 {[%emt 0:00:04]} 12. Nd2 {[%emt 0:00:02]} Bg6 {[%emt 0:00:04]} 13. f3 {[%emt 0:00:07]} O-O {[%emt 0:00:02]} 14. e4 {[%emt 0:00:03]} f5 {[%emt 0:00:15]} 15. exd5 {[%emt 0:00:36]} exd5 {[%emt 0:00:04]} 16. c4 {[%emt 0:00:01]} Nf6 {[%emt 0:00:09]} 17. Be5 {[%emt 0:00:05]} Kh8 {[%emt 0:00:15]} 18. f4 {[%emt 0:00:06]} Ne4 {[%emt 0:00:05]} 19. Nf3 {[%emt 0:00:12]} dxc4 {[%emt 0:00:23]} 20. Bxc4 {[%emt 0:00:06]} b5 {[%emt 0:00:04]} 21. Bd3 {[%emt 0:00:04]} Bf7 {[%emt 0:00:03]} 22. Qc2 {[%emt 0:00:06]} Bd5 {[%emt 0:00:08]} 23. Nd2 {[%emt 0:00:08]} Nd6 {[%emt 0:00:10]} 24. Bxf5 {[%emt 0:00:09]} Nxf5 {[%emt 0:00:05]} 25. Nf3 {[%emt 0:00:10]} Ne3 {[%emt 0:00:03]} 26. Qd2 {[%emt 0:00:03]} Nxf1 {[%emt 0:00:07]} 27. Rxf1 {[%emt 0:00:02]} Bxf3 {[%emt 0:00:05]} 28. Rxf3 {[%emt 0:00:03]} Bf6 {[%emt 0:00:04]} 29. Rh3 {[%emt 0:00:04]} Bxe5 {[%emt 0:00:04]} 30. fxe5 {[%emt 0:00:02]} Qd5 {[%emt 0:00:06]} 31. Qd3 {[%emt 0:00:07]} h6 {[%emt 0:00:06]} 32. Qg6 {[%emt 0:00:10]} Qxd4+ {[%emt 0:00:09]} 0-1

[Event "Queens Festival Europe 2022"]
[Site "Tornelo"]
[Date "2022.06.19"]
[Round "10.10"]
[White "Ostafiev, Cristina"]
[Black "Ismayilova, Salbinaz"]
[Result "0-1"]
[WhiteElo "1173"]
[BlackElo "1090"]
[Annotator "NA RC"]
[PlyCount "84"]
[EventDate "2022.06.19"]
[EventType "swiss"]
[EventCountry "NET"]
[SourceTitle "playchess.com"]
[Source "ChessBase"]
[SourceQuality "1"]
[TimeControl "180+2"]

1. e4 {[%emt 0:00:02]} e5 {[%emt 0:00:04]} 2. Nc3 {[%emt 0:00:03]} Nc6 {[%emt 0:00:03]} 3. Bc4 {[%emt 0:00:03]} Bc5 {[%emt 0:00:02]} 4. d3 {[%emt 0:00:03]} Nf6 {[%emt 0:00:05]} 5. Bg5 {[%emt 0:00:06]} d6 {[%emt 0:00:03]} 6. Nd5 {[%emt 0:00:04]} Be6 {[%emt 0:00:11]} 7. Nxf6+ {[%emt 0:00:07]} gxf6 {[%emt 0:00:04]} 8. Bh6 {[%emt 0:00:11]} Rg8 {[%emt 0:00:06]} 9. Bxe6 {[%emt 0:00:15]} fxe6 {[%emt 0:00:02]} 10. Qh5+ {[%emt 0:00:04]} Kd7 {[%emt 0:00:08]} 11. Qf7+ {[%emt 0:00:13]} Qe7 {[%emt 0:00:03]} 12. Qxe7+ {[%emt 0:00:15]} Kxe7 {[%emt 0:00:03]} 13. g3 {[%emt 0:00:05]} Nd4 {[%emt 0:00:03]} 14. O-O-O {[%emt 0:00:11]} Nc6 {[%emt 0:00:08]} 15. Ne2 {[%emt 0:00:18]} a5 {[%emt 0:00:03]} 16. Nc3 {[%emt 0:00:03]} a4 {[%emt 0:00:06]} 17. Nb5 {[%emt 0:00:09]} Kd7 {[%emt 0:00:02]} 18. f4 {[%emt 0:00:18]} a3 {[%emt 0:00:09]} 19. b3 {[%emt 0:00:16]} Bb4 {[%emt 0:00:17]} 20. fxe5 {[%emt 0:00:15]} fxe5 {[%emt 0:00:05]} 21. d4 {[%emt 0:00:09]} Ra5 {[%emt 0:00:13]} 22. c4 {[%emt 0:00:11]} exd4 {[%emt 0:00:11]} 23. Nxd4 {[%emt 0:00:18]} Nxd4 {[%emt 0:00:04]} 24. Rxd4 {[%emt 0:00:01]} Rg6 {[%emt 0:00:04]} 25. Bf4 {[%emt 0:00:03]} Ke7 {[%emt 0:00:08]} 26. Re1 {[%emt 0:00:06]} e5 {[%emt 0:00:02]} 27. Bxe5 {[%emt 0:00:03]} dxe5 {[%emt 0:00:02]} 28. Rdd1 {[%emt 0:00:04]} Bxe1 {[%emt 0:00:03]} 29. Rxe1 {[%emt 0:00:01]} Rh6 {[%emt 0:00:02]} 30. Rd1 {[%emt 0:00:01]} Rxh2 {[%emt 0:00:03]} 31. Re1 {[%emt 0:00:02]} Rxa2 {[%emt 0:00:02]} 32. Rg1 {[%emt 0:00:02]} Ra1+ {[%emt 0:00:02]} 33. Kc2 {[%emt 0:00:02]} Rxg1 {[%emt 0:00:02]} 34. b4 {[%emt 0:00:03]} a2 {[%emt 0:00:03]} 35. bxa5 {[%emt 0:00:03]} a1=Q {[%emt 0:00:03]} 36. c5 {[%emt 0:00:02]} Qxa5 {[%emt 0:00:02]} 37. c6 {[%emt 0:00:01]} Qc5+ {[%emt 0:00:02]} 38. Kd2 {[%emt 0:00:03]} Qc1+ {[%emt 0:00:02]} 39. Kd3 {[%emt 0:00:02]} Rxg3+ {[%emt 0:00:03]} 40. Ke2 {[%emt 0:00:01]} Qc2+ {[%emt 0:00:03]} 41. Kf1 {[%emt 0:00:02]} Rg2 {[%emt 0:00:12]} 42. cxb7 {[%emt 0:00:03]} Qe2# {[%emt 0:00:04]} 0-1

[Event "Queens Festival Europe 2022"]
[Site "Tornelo"]
[Date "2022.06.19"]
[Round "10.12"]
[White "Pyun, Lindsay"]
[Black "Sainbayar, Anuurai"]
[Result "1-0"]
[WhiteElo "1526"]
[BlackElo "1512"]
[Annotator "NA RC"]
[PlyCount "63"]
[EventDate "2022.06.19"]
[EventType "swiss"]
[EventCountry "NET"]
[SourceTitle "playchess.com"]
[Source "ChessBase"]
[SourceQuality "1"]

1. e4 e6 2. d4 c5 3. dxc5 Bxc5 4. Nc3 a6 5. Nf3 b5 6. a3 Qb6 7. Qd2 Nf6 8. Bd3 O-O 9. O-O Bb7 10. Qe2 d5 11. exd5 Nxd5 12. Nxd5 Bxd5 13. Bf4 f5 14. Ne5 Nc6 15. Nd7 Qa7 16. Nxf8 Rxf8 17. b4 Bb6 18. Be3 Rf6 19. Bxb6 Qxb6 20. Qe3 Qc7 21. Rfe1 Rh6 22. h3 Rg6 23. g3 f4 24. Qe2 Rh6 25. Qg4 fxg3 26. Qxg3 Qf7 27. Re3 e5 28. Kh2 e4 29. Bxe4 Bxe4 30. Rxe4 Rg6 31. Qf4 Qd7 32. Rae1 1-0

[Event "Queens Festival Europe 2022"]
[Site "Tornelo"]
[Date "2022.06.19"]
[Round "10.13"]
[White "Bruntse, Caroline Lindegaard"]
[Black "Rashidova, Nargiz"]
[Result "0-1"]
[WhiteElo "1503"]
[BlackElo "1341"]
[Annotator "NA RC"]
[PlyCount "108"]
[EventDate "2022.06.19"]
[EventType "swiss"]
[EventCountry "NET"]
[SourceTitle "playchess.com"]
[Source "ChessBase"]
[SourceQuality "1"]

1. d4 d6 2. c4 e5 3. dxe5 dxe5 4. Qxd8+ Kxd8 5. Nc3 Be6 6. b3 f6 7. Bb2 c6 8. e3 Kc7 9. Nf3 Bb4 10. Be2 Ne7 11. O-O Ng6 12. a3 Bd6 13. Rfd1 Nd7 14. Rd2 Nc5 15. Rad1 Rad8 16. b4 Na6 17. Ne4 Be7 18. c5 Bf5 19. Ng3 Be6 20. Bxa6 bxa6 21. Nh4 Bb3 22. Rxd8 Bxd8 23. Rd2 Nxh4 24. h3 Bd5 25. e4 Be6 26. Ne2 Be7 27. Kh2 Rd8 28. Rxd8 Kxd8 29. g3 Nf3+ 30. Kg2 Ne1+ 31. Kh2 Nd3 32. Ba1 a5 33. bxa5 Bxc5 34. f3 Ne1 35. Bc3 Nc2 36. a4 Bc4 37. Nc1 Nd4 38. Bxd4 Bxd4 39. Kg2 c5 40. Kh2 Be3 41. Kg2 Bxc1 42. Kf2 Bd3 43. Ke1 Bc2 44. Ke2 c4 45. Ke1 c3 46. Ke2 Bxa4 47. Kd3 c2 48. Ke2 Ba3 49. Kd3 c1=Q 50. f4 Bc2+ 51. Ke2 Qd1+ 52. Kf2 Bc5+ 53. Kg2 Qe2+ 54. Kh1 Bxe4# 0-1

[Event "Queens Festival Europe 2022"]
[Site "Tornelo"]
[Date "2022.06.19"]
[Round "10.14"]
[White "Kusova, Nikola"]
[Black "Malaieru, Alexandra-Gabriela"]
[Result "1-0"]
[WhiteElo "1250"]
[BlackElo "1129"]
[Annotator "NA RC"]
[PlyCount "39"]
[EventDate "2022.06.19"]
[EventType "swiss"]
[EventCountry "NET"]
[SourceTitle "playchess.com"]
[Source "ChessBase"]
[SourceQuality "1"]

1. e4 e5 2. Nc3 Nf6 3. Bc4 Bc5 4. d3 h6 5. f4 d6 6. Nf3 exf4 7. Bxf4 O-O 8. Na4 Bb6 9. Nxb6 axb6 10. O-O Bg4 11. Qd2 d5 12. exd5 Nxd5 13. Rae1 Nc6 14. h3 Bxf3 15. Rxf3 Nxf4 16. Qxf4 Nd4 17. Rg3 Ne6 18. Qxh6 Qd4+ 19. Kh2 Qd6 20. Bxe6 1-0

[Event "Queens Festival Europe 2022"]
[Site "Tornelo"]
[Date "2022.06.19"]
[Round "10.17"]
[White "Jithendra, Raina"]
[Black "Robson, Caroline J"]
[Result "1-0"]
[WhiteElo "1306"]
[BlackElo "1546"]
[Annotator "NA RC"]
[PlyCount "79"]
[EventDate "2022.06.19"]
[EventType "swiss"]
[EventCountry "NET"]
[SourceTitle "playchess.com"]
[Source "ChessBase"]
[SourceQuality "1"]

1. e4 c5 2. c3 d5 3. exd5 Qxd5 4. d4 Nc6 5. Nf3 Nf6 6. Be3 e6 7. Be2 Be7 8. h3 O-O 9. O-O Rd8 10. dxc5 Qxd1 11. Rxd1 Rxd1+ 12. Bxd1 Bd7 13. Be2 Rd8 14. Nbd2 e5 15. b4 a6 16. a4 h6 17. Nc4 e4 18. Nfe5 Nxe5 19. Nxe5 Bc8 20. Bc4 Be6 21. Bxe6 fxe6 22. b5 Nd5 23. Bd4 axb5 24. axb5 Bf6 25. c4 Nf4 26. Bb2 Nd3 27. Nxd3 exd3 28. Bxf6 gxf6 29. Rd1 e5 30. f3 d2 31. Kf2 f5 32. Ke2 Kf7 33. Rxd2 Rxd2+ 34. Kxd2 Ke6 35. Ke3 h5 36. g3 Kd7 37. g4 hxg4 38. hxg4 fxg4 39. fxg4 Ke6 40. Ke4 1-0

[Event "Queens Festival Europe 2022"]
[Site "Tornelo"]
[Date "2022.06.19"]
[Round "10.21"]
[White "Morling, Aase"]
[Black "Patel, Diah Dipal"]
[Result "0-1"]
[WhiteElo "1416"]
[BlackElo "1313"]
[Annotator "NA RC"]
[PlyCount "30"]
[EventDate "2022.06.19"]
[EventType "swiss"]
[EventCountry "NET"]
[SourceTitle "playchess.com"]
[Source "ChessBase"]
[SourceQuality "1"]

1. e4 e5 2. Nf3 Nc6 3. Bc4 Nf6 4. O-O Bc5 5. d4 exd4 6. e5 Ng4 7. Bf4 Qe7 8. h3 Ngxe5 9. Nxe5 Nxe5 10. Bxe5 Qg5 11. Re1 O-O 12. Bxd4 Bxd4 13. Qxd4 b5 14. Bd3 Bb7 15. Nc3 Qxg2# 0-1

[Event "Queens Festival Europe 2022"]
[Site "Tornelo"]
[Date "2022.06.19"]
[Round "11.1"]
[White "Ismayil, Malak"]
[Black "Richtrova, Eliska"]
[Result "1-0"]
[WhiteElo "2001"]
[BlackElo "2204"]
[Annotator "TA"]
[PlyCount "101"]
[EventDate "2022.06.19"]
[EventType "swiss"]
[EventCountry "NET"]
[SourceTitle "playchess.com"]
[Source "ChessBase"]
[SourceQuality "1"]

1. e4 d6 2. d4 Nf6 3. Nc3 g6 4. g3 Bg7 5. Bg2 O-O 6. Nge2 e5 7. O-O Nc6 8. dxe5 dxe5 9. Bg5 Qxd1 10. Raxd1 h6 11. Bxf6 Bxf6 12. Nd5 Bd8 13. Nec3 a6 14. Ne3 Nd4 15. Rd2 c5 16. Ncd5 Be6 17. c3 Nc6 18. f4 b5 19. f5 Bc8 20. Rdf2 g5 21. Ng4 Kh7 22. Rd2 f6 23. Rfd1 Kg7 24. Nge3 Ra7 25. Bf3 c4 26. Kg2 Be7 27. Nxe7 Rxe7 28. Rd6 Nb8 29. b3 cxb3 30. axb3 Bb7 31. c4 bxc4 32. Nxc4 Rc7 33. Rb6 Nc6 34. Nd6 Ba8 35. Rxa6 Nd4 36. Rd3 Rb8 37. Kf2 Nxb3 38. Rxb3 Rxb3 39. Ne8+ Kf7 40. Nxc7 Bb7 41. Ra7 Rb2+ 42. Ke3 Ke7 43. Nd5+ Kd6 44. Nxf6 Rb3+ 45. Kf2 Rb2+ 46. Be2 Kc5 47. Ra5+ Kd6 48. Rb5 Rxb5 49. Bxb5 Kc5 50. Be2 Kd4 51. Bf3 1-0

[Event "Queens Festival Europe 2022"]
[Site "Tornelo"]
[Date "2022.06.19"]
[Round "11.1"]
[White "Shabanaj, Eglantina"]
[Black "Vujcic, Milena"]
[Result "0-1"]
[WhiteElo "1986"]
[BlackElo "1987"]
[Annotator "NA RC"]
[PlyCount "98"]
[EventDate "2022.06.19"]
[EventType "swiss"]
[EventCountry "NET"]
[SourceTitle "playchess.com"]
[Source "ChessBase"]
[SourceQuality "1"]

1. Nf3 Nf6 2. g3 g6 3. Bg2 Bg7 4. d3 d6 5. e4 O-O 6. c3 e5 7. O-O Nc6 8. Nbd2 h6 9. Qc2 Be6 10. Re1 Nd7 11. b3 f5 12. Bb2 f4 13. d4 Bg4 14. d5 Ne7 15. c4 Nf6 16. Rac1 g5 17. h3 Bd7 18. g4 Ng6 19. c5 Ne8 20. c6 bxc6 21. dxc6 Be6 22. Nc4 Qe7 23. Rcd1 Nh8 24. Ba3 h5 25. gxh5 g4 26. hxg4 Bxg4 27. Rd3 Bxh5 28. Nfxe5 Bxe5 29. Nxe5 Qxe5 30. Rd5 Qg7 31. Qc4 Bf7 32. Kf1 Ng6 33. Bb2 Ne5 34. Bxe5 dxe5 35. Bf3 Nd6 36. Qc2 Bxd5 37. exd5 Rae8 38. Ke2 Nf5 39. Qd3 Nd4+ 40. Kd1 Nxf3 41. Qxf3 Rf6 42. Qe4 Rg6 43. Kd2 Kf7 44. Qf5+ Qf6 45. Qd7+ Re7 46. Qc8 e4 47. Rh1 Qb2+ 48. Ke1 Qc1+ 49. Ke2 f3# 0-1

[Event "Queens Festival Europe 2022"]
[Site "Tornelo"]
[Date "2022.06.19"]
[Round "11.1"]
[White "Thornton, Filipina"]
[Black "Lampard, Alice"]
[Result "0-1"]
[WhiteElo "1660"]
[BlackElo "1756"]
[Annotator "NA RC"]
[PlyCount "26"]
[EventDate "2022.06.19"]
[EventType "swiss"]
[EventCountry "NET"]
[SourceTitle "playchess.com"]
[Source "ChessBase"]
[SourceQuality "1"]

1. d4 Nf6 2. c4 g6 3. Nc3 d5 4. Nf3 Bg7 5. e3 O-O 6. Bd3 dxc4 7. Bxc4 c5 8. O-O cxd4 9. Nxd4 a6 10. Bb3 Qc7 11. Bd2 Rd8 12. Qe2 Ng4 13. h3 Qh2# 0-1

[Event "Queens Festival Europe 2022"]
[Site "Tornelo"]
[Date "2022.06.19"]
[Round "11.1"]
[White "Aydogan, Arya"]
[Black "Bakhshizada, Asnad"]
[Result "1-0"]
[WhiteElo "1409"]
[BlackElo "1052"]
[Annotator "NA RC"]
[PlyCount "59"]
[EventDate "2022.06.19"]
[EventType "swiss"]
[EventCountry "NET"]
[SourceTitle "playchess.com"]
[Source "ChessBase"]
[SourceQuality "1"]

1. e4 e6 2. d4 d5 3. Nc3 Bb4 4. e5 c5 5. a3 Bxc3+ 6. bxc3 Ne7 7. Qg4 cxd4 8. cxd4 Ng6 9. Bd3 Nc6 10. Ne2 Bd7 11. O-O Rc8 12. g3 a6 13. h4 h5 14. Qf3 Nge7 15. Bg5 Qb6 16. c3 Qc7 17. Nf4 Qa5 18. Rfc1 g6 19. Bf6 Rg8 20. Nh3 Qb6 21. Ng5 Nf5 22. Bxf5 exf5 23. Qxd5 Nd8 24. Bxd8 Kxd8 25. Qxf7 Re8 26. Rab1 Qc6 27. d5 Qc5 28. Rxb7 Rc7 29. Rxc7 Kxc7 30. Ne6+ 1-0

[Event "Queens Festival Europe 2022"]
[Site "Tornelo"]
[Date "2022.06.19"]
[Round "11.2"]
[White "Ayzenberg, Alena"]
[Black "Gueci, Tea"]
[Result "0-1"]
[WhiteElo "2016"]
[BlackElo "2248"]
[Annotator "TA"]
[PlyCount "88"]
[EventDate "2022.06.19"]
[EventType "swiss"]
[EventCountry "NET"]
[SourceTitle "playchess.com"]
[Source "ChessBase"]
[SourceQuality "1"]

1. d4 d5 2. c4 e6 3. Nf3 c5 4. cxd5 exd5 5. g3 Nc6 6. Bg2 Nf6 7. O-O c4 8. Nc3 Be7 9. Bg5 O-O 10. Ne5 Be6 11. f4 Ng4 12. Bxe7 Nxe7 13. Nxg4 Bxg4 14. Qd2 Be6 15. h3 Qd7 16. Kh2 b5 17. a3 Rab8 18. g4 f5 19. g5 a5 20. e3 Rb6 21. Ne2 b4 22. a4 Rc8 23. Rfc1 Rcb8 24. Ng1 Nc8 25. Nf3 Nd6 26. Ne5 Qe8 27. Bf3 Ne4 28. Qg2 c3 29. b3 g6 30. h4 R6b7 31. Rc2 Rd8 32. Rh1 Nd2 33. Bd1 Nxb3 34. h5 Nd2 35. hxg6 hxg6 36. Kg1 Kf8 37. Rh8+ Bg8 38. Qh2 Rg7 39. Qh6 Rd6 40. Bh5 b3 41. Rxc3 b2 42. Bxg6 b1=Q+ 43. Kh2 Nf1+ 44. Kh3 Qe1 0-1

[Event "Queens Festival Europe 2022"]
[Site "Tornelo"]
[Date "2022.06.19"]
[Round "11.2"]
[White "Bordin, Silvia"]
[Black "Mammadova, Aysel"]
[Result "1-0"]
[WhiteElo "1991"]
[BlackElo "1893"]
[Annotator "NA RC"]
[PlyCount "123"]
[EventDate "2022.06.19"]
[EventType "swiss"]
[EventCountry "NET"]
[SourceTitle "playchess.com"]
[Source "ChessBase"]
[SourceQuality "1"]

1. e4 e5 2. Nf3 Nc6 3. d4 exd4 4. Nxd4 Bc5 5. Nb3 Bb6 6. Nc3 Qf6 7. Qe2 Nge7 8. Be3 d6 9. O-O-O Be6 10. Nd5 Bxd5 11. exd5 Ne5 12. h3 O-O 13. g4 N7g6 14. Nd4 Nf4 15. Bxf4 Qxf4+ 16. Qe3 Qf6 17. f4 Ng6 18. f5 Rfe8 19. Qd2 Ne5 20. Bb5 Re7 21. Kb1 a6 22. Be2 Nd7 23. Nb3 Rae8 24. Bd3 Nc5 25. Nxc5 Bxc5 26. g5 Qe5 27. h4 Qe3 28. Qg2 Qf2 29. Qg4 Re1 30. Rhxe1 Rxe1 31. g6 Rxd1+ 32. Qxd1 hxg6 33. fxg6 Qxh4 34. gxf7+ Kxf7 35. a3 Qg5 36. Qf3+ Qf6 37. Qh3 Bd4 38. Qd7+ Qe7 39. Bg6+ Kxg6 40. Qxe7 c6 41. dxc6 bxc6 42. Qxd6+ Bf6 43. Qxc6 Kf5 44. Qxa6 g5 45. Qb5+ Kg6 46. Qd3+ Kf7 47. a4 g4 48. a5 Be5 49. Qf5+ Bf6 50. Qxg4 Ke7 51. a6 Be5 52. Qg5+ Bf6 53. Qxf6+ Kxf6 54. a7 Kf5 55. a8=Q Kf4 56. Qe8 Kg3 57. Kc1 Kh4 58. Qg6 Kh3 59. Kd2 Kh2 60. Ke3 Kh1 61. Kf2 Kh2 62. Qg2# 1-0

[Event "Queens Festival Europe 2022"]
[Site "Tornelo"]
[Date "2022.06.19"]
[Round "11.2"]
[White "Vicze, Zsofia"]
[Black "Bayona, Karin Silvana"]
[Result "1-0"]
[WhiteElo "1749"]
[BlackElo "1793"]
[Annotator "NA RC"]
[PlyCount "55"]
[EventDate "2022.06.19"]
[EventType "swiss"]
[EventCountry "NET"]
[SourceTitle "playchess.com"]
[Source "ChessBase"]
[SourceQuality "1"]

1. e4 e5 2. Bc4 Nf6 3. d3 Bc5 4. Nc3 O-O 5. f4 exf4 6. Bxf4 Re8 7. Nge2 c6 8. Qd2 d5 9. exd5 Nxd5 10. Nxd5 cxd5 11. Bb3 Qh4+ 12. Bg3 Qe7 13. h3 Be3 14. Qd1 Bg5 15. Bxd5 Bh4 16. Bxh4 Qxh4+ 17. Kf1 Qf6+ 18. Bf3 Nc6 19. c3 Ne5 20. Nd4 Nxf3 21. Qxf3 Qg6 22. Kf2 Rb8 23. Rae1 Rd8 24. Rhf1 Bd7 25. Kg1 b6 26. Rf2 Bc8 27. Nc6 Rf8 28. Ne7+ 1-0